Caramelldansen - Caramella Girls (Alla Texter) - Statistics

General Stats
  • This quiz has been taken 4 times
  • The average score is 117 of 231
Answer Stats
Svar % Correct
är
100%
åt
100%
Caramelldansen
100%
här
100%
inte
100%
några
100%
nu
100%
Nu
100%
oh-la-la-la
100%
ta
100%
alla
50%
att
50%
chansen
50%
Dansa
50%
dansa
50%
Danse
50%
Det
50%
Du-du-du
50%
en
50%
era
50%
50%
Gör
50%
gör,
50%
händer
50%
klappa
50%
lär,
50%
Lyssna
50%
med?
50%
med
50%
med)
50%
missa
50%
ni
50%
Och
50%
och
50%
oh-ah-ah-ah
50%
Oh, oh, oh-ah, oh-ah
50%
Oh, oh, oh-ah, oh-ah, ah
50%
om
50%
oss,
50%
50%
50%
50%
se
50%
som
50%
steg
50%
Till
50%
vänster
50%
Vi
50%
vi
50%
Armarna
0%
blir
0%
denna
0%
fester
0%
förstås
0%
fötter,
0%
helst
0%
Hey,
0%
höfter,
0%
igen
0%
kan
0%
Kom
0%
kom
0%
kommer
0%
loss
0%
melodi
0%
överallt
0%
redo
0%
rör
0%
sensation
0%
ska
0%
släppa
0%
stegen
0%
tar
0%
undrar,
0%
upp,
0%
vara
0%
(vara
0%
Vem
0%
vicka
0%
yeah-yeah-yeah
0%
No matching quizzes found
Score Distribution
Percent of People with Each Score
Percentile by Number Answered
Your Score History
You have not taken this quiz